000 00785nam a2200241 i 4500
001 bg
100 1 _aWĄSEK, Krzysztof
245 0 0 _aLaboratorium teorii sterowania.
_nCz. 1,
_pMetody częstotliwościowe. Linie pierwiastkowe /
_cKrzysztof Wąsek ; Politechnika Gdańska.
260 _aGdańsk :
_bWydaw. PG,
_c1995.
300 _a93 s. :
_bwykr. ;
_c24 cm.
504 _aBibliogr. s.84.
521 _aSkrypt przeznaczony dla studentów kier. Automatyka i robotyka do przedmiotu "Teoria sterowania".
650 9 _aSterowanie
_xteoria
650 9 _aAutomatyka
655 _aPodręczniki akademickie
020 _a8386537175
040 _cBPK
041 _apol
080 _a681.5(075.8)
920 _a83-86537-17-5
942 _cKS
008 s pl f |000 0 pol
999 _c6927
_d6927
856 _uhttp://koha.tu.koszalin.pl/cgi-bin/koha/opac-detail.pl?biblionumber=6927
_yKatalog online BPK